00620 a2200217 4500260001000000630009900010037000700109650002800116260001100144260002200155245009400177300000900271650002500280260000900305300001000314100000800324037001200332700001900344700002100363020001800384 aParis a65 - Gestion et organisation de lindustrie, du commerce, de la communication et des transports bLP a6 - SCIENCES APPLIQUEES bMaxima bNouveaux Horizons aMBA Stratégie : Les Paramètres essentiels de la gestion stratégique des entreprises a391p agestion : entreprise c1997 b25 cm lFr. aDe 8924 aDir, Fahey, L. aDir, Randall, R. a2.84001.092.5